000 00869nam a22002417a 4500
005 20140903174955.0
008 131105s2009 sp a frn 000 0dspa
020 _a9788492422142
040 _aCO-BoUCM
_bspa
_cAngélica Rojas
_dAldemar Mondragón
041 0 0 _aspa
100 1 _aFernández Aguilar, Eugenio
_d1976-
_949694
245 1 3 _aLa conspiración lunar ¡vaya timo!
_cEugenio Fernández Aguilar
260 _aPamplona (España)
_bLaetoli
_c2009
300 _a166 páginas
_bilustraciones a color
490 0 _aColección ¡vaya timo!
_v10
504 _aIncluye referencias bibliográficas
650 7 _aAlunizaje
_949782
650 7 _aIngeniería aeroespacial
_949783
650 7 _aVuelos espaciales a la luna
_949695
690 _942755
_aCiencias naturales
942 _a14
_cLIBRO
_e1
_mF365c
_2DEWEY
_h629.4353
999 _c182687
_d182687